00604nam a2200193 i 4500001000400000100003200004245004400036260004800080300002100128650003700149650002600186650001600212655001200228020001500240040000800255041000800263008004100271856009800312bgj1 aBRADFORD, Richardd(1932- )10aRed Sky at Morning /cRichard Bradford. aNew York :bHarper & Row Publishers,c1986. a256 pp ;c21 cm. 9aWorld War, 1939-1945zNew Mexico 9aYoung menzNew Mexico 9aWar stories aFiction a0060913614 cBPK0 aeng s uk f |000 0 eng  uhttp://koha.tu.koszalin.pl/cgi-bin/koha/opac-detail.pl?biblionumber=48630yKatalog online BPK